Medallas de las colonias, municipios y pueblos antiguos de España : (Record no. 154108)

MARC details
000 -LEADER
campo de control de longitud fija 01553nam a2200277 i 4500
001 - NÚMERO DE CONTROL
campo de control 154108
003 - IDENTIFICADOR DE NÚMERO DE CONTROL
campo de control ES-MaACL
005 - FECHA Y HORA DE LA ÚLTIMA TRANSACCIÓN
campo de control 20250709073114.0
008 - DATOS DE LONGITUD FIJA--INFORMACIÓN GENERAL
campo de control de longitud fija 931025e1758 sp a |||| | spa d
080 ## - NÚMERO DE LA CLASIFICACIÓN DECIMAL UNIVERSAL
Número de la Clasificación Decimal Universal 737.2(460)
100 1# - ENTRADA PRINCIPAL--NOMBRE DE PERSONA
Nombre de persona Flórez, Enrique,
Fechas asociadas al nombre 1702-1773
Término indicativo de función/relación Autor
9 (RLIN) 142679
245 10 - MENCIÓN DEL TÍTULO
Título Medallas de las colonias, municipios y pueblos antiguos de España :
Resto del título coleccion de las que se hallan en diversos autores, y de otras nunca publicadas, con explicacion y dibujo de cada una; parte segunda /
Mención de responsabilidad, etc. por el R.P.M. Fr. Henriquez Florez, del Orden de S. Agustin
260 ## - PUBLICACIÓN, DISTRIBUCIÓN, ETC.
Lugar de publicación, distribución, etc. En Madrid :
Nombre del editor, distribuidor, etc. en la oficina de Antonio Marín,
Fecha de publicación, distribución, etc. 1758.
300 ## - DESCRIPCIÓN FÍSICA
Extensión [4], páginas 409-681, [3], [1] páginas, hojas XXIV-LVIII de grabados :
Otras características físicas ilustraciones ;
Dimensiones 4º.
530 ## - NOTA DISPONIBLE DE FORMULARIO FÍSICO ADICIONAL
Nota de formato físico adicional disponible Disponible en formato digital
596 ## - NOTA AL PIE DE IMPRENTA
NOTA AL PIE DE IMPRENTA Marca tip. en port. (Vindel, 628)
597 ## - NOTA DE DESCRIPCIÓN FÍSICA
NOTA DE DESCRIPCIÓN FÍSICA Sign. : [ ]\p2\s, 3F-3Z\p4\s, 4A-4Q\p4\s, 4R\p2\s.
599 ## - NOTA A LAS ILUSTRACIONES
NOTA A LAS ILUSTRACIONES La h. de grab. calc. entre las p. 662 y 663: "Florez del., Peña f\pt\s", genealogía de los cesares ; las demas h. de grabs. calc. a final de texto: "Prieto has LVIII Tab. Sculp. Matriti 1757" representan monedas y medallas antiguas
650 #4 - PUNTO DE ACCESO ADICIONAL DE MATERIA--TÉRMINO DE MATERIA
Término de materia o nombre geográfico como elemento de entrada Numismática-
Subdivisión geográfica España.
9 (RLIN) 140095
700 1# - ENTRADA AGREGADA--NOMBRE PERSONAL
Nombre de persona Marín, Antonio,
Término indicativo de función/relación Impresor
9 (RLIN) 129682
Fechas asociadas al nombre fl. 1726-1784
752 ## - ENTRADA AGREGADA--NOMBRE JERÁRQUICO DEL LUGAR
País o entidad superior España -
Ciudad Madrid
852 ## - LOCALIZACIÓN
Ubicación ES-MaACL
Ubicación en estantería Depósito
Signatura antigua Olim: A-1016-18
Número de control de estantería R-203-05
Encuadernación Pasta
856 ## - LOCALIZACIÓN Y ACCESO ELECTRÓNICOS
Identificador Uniforme de Recursos <a href="http://bdh-rd.bne.es/viewer.vm?id=0000045921&page=1 ">http://bdh-rd.bne.es/viewer.vm?id=0000045921&page=1 </a>
Texto de enlace Versión en línea
Nota pública (Biblioteca Digital Hispánica)
942 ## - ELEMENTOS DE ENTRADA SECUNDARIOS (KOHA)
Fuente del sistema de clasificación o colocación Clasificación decimal universal
Tipo de ítem Koha Libro impreso antiguo
Suprimir en OPAC No
Holdings
Estatus retirado Estado de pérdida Fuente del sistema de clasificación o colocación Estado de daño No para préstamo Colección Biblioteca de origen Biblioteca actual Ubicación en estantería Fecha de adquisición Total de préstamos Signatura topográfica completa Código de barras Visto por última vez Tipo de ítem Koha
    Clasificación decimal universal     Colección digital Biblioteca del Ateneo de Madrid Biblioteca del Ateneo de Madrid Depósito 17/01/2008   R-203-05 1161140 23/02/2023 Libro impreso antiguo